000 00277nam a2200097Ia 4500
008 240331s9999 xx 000 0 und d
082 _a303.4
_bPRO
100 _aThekkamalai, S.S. ed
245 4 _aThe process and the effects of modernization in Indian rural communities
942 _cL
999 _c1242
_d1242